| Tag |
First Indicator |
Second Indicator |
Subfields |
| LEADER |
00000cam a2200000 a 4500 |
| 001 |
in00000074089 |
| 005 |
20151008060155.0 |
| 008 |
800924s1980 sa af 00010 engm |
| 010 |
|
|
|a 80496750
|
| 015 |
|
|
|a SA***
|
| 020 |
|
|
|a 0869540890
|
| 035 |
|
|
|a (OCoLC)06815859
|
| 035 |
|
|
|9 AAJ5251AM
|
| 040 |
|
|
|a DLC
|c DLC
|d m.c.
|d TXA
|d UtOrBLW
|
| 043 |
|
|
|a f-sa---
|
| 049 |
|
|
|a TXAM
|c [951976]
|
| 050 |
0 |
0 |
|a DT779.9
|b .R44
|
| 082 |
0 |
|
|a 364.1/323/0968
|2 19
|
| 100 |
1 |
|
|a Rees, Mervyn.
|
| 245 |
1 |
0 |
|a Muldergate :
|b the story of the info scandal /
|c Mervyn Rees, Chris Day.
|
| 264 |
|
1 |
|a Johannesburg :
|b Macmillan South Africa,
|c 1980.
|
| 300 |
|
|
|a xvi, 222 pages, 8 unnumbered pages of plates :
|b illustrations ;
|c 24 cm.
|
| 336 |
|
|
|a text
|b txt
|2 rdacontent
|
| 337 |
|
|
|a unmediated
|b n
|2 rdamedia
|
| 338 |
|
|
|a volume
|b nc
|2 rdacarrier
|
| 600 |
1 |
0 |
|a Rhoodie, Eschel M.
|q (Eschel Mostert)
|
| 600 |
1 |
0 |
|a Mulder, C. P.
|
| 600 |
1 |
0 |
|a Van den Bergh, H. J.
|
| 600 |
1 |
0 |
|a Vorster, B. J.
|q (Balthazar Johannes),
|d 1915-1983.
|
| 610 |
1 |
0 |
|a South Africa.
|b Department of Information.
|
| 650 |
|
0 |
|a Political corruption
|z South Africa.
|
| 651 |
|
0 |
|a South Africa
|x Politics and government
|y 1961-1978.
|
| 700 |
1 |
|
|a Day, Chris.
|
| 999 |
|
|
|a MARS
|
| 999 |
f |
f |
|s 26f990df-b9a8-3281-8490-025382d5db28
|i c815706b-4a44-35cf-90ef-fba335e65008
|t 0
|
| 952 |
f |
f |
|p normal
|a Texas A&M University
|b College Station
|c Sterling C. Evans Library
|d Evans: Library Stacks
|t 0
|e DT779.9 .R44
|h Library of Congress classification
|i unmediated -- volume
|m A14806103497
|
| 998 |
f |
f |
|a DT779.9 .R44
|t 0
|l Evans: Library Stacks
|